| 000 | 01165nam a22002777a 4500 | ||
|---|---|---|---|
| 999 |
_c16525 _d16525 |
||
| 003 | EG-ScBUE | ||
| 005 | 20201108122052.0 | ||
| 008 | 120228s2004 ua f|b 000 1 aara d | ||
| 020 | _a9771018922 | ||
| 040 |
_aEG-ScBUE _bara _erda _cEG-ScBUE _dEG-ScBUE |
||
| 082 | 0 | 4 |
_a892.713409 _bغ و م _222 |
| 100 | 1 |
_929136 _aغومث، إميليو غرسيه _eمؤلف. |
|
| 245 |
_aمع شعراء الأندلس والمتنبي : _bسير ودراسات / _cتأليف إميليو غرسيه غومث ؛ نقله إلى العربية الدكتور الطاهر أحمد مكي. |
||
| 250 | _aالطبعة السابعة. | ||
| 264 | 1 |
_aالقاهرة : _bدار الفكر العربي، _c2004. |
|
| 300 |
_a250 صفحة ؛ _c24 سم |
||
| 336 |
_2rdacontent _aنص _btxt |
||
| 337 |
_2rdamedia _aبدون وسيط _bn |
||
| 338 |
_2rdacarrier _aمجلد _bnc |
||
| 504 | _aيشتمل على إرجاعات ببليوجرافية. | ||
| 650 | 7 |
_aالشعر العربي _xتاريخ ونقد. _2BUEsh _915412 |
|
| 653 |
_cFebruary2012 _bARALIT |
||
| 655 |
_vReading book _934232 |
||
| 700 | 1 |
_929137 _aمكي ، الطاهر أحمد _eمترجم. |
|
| 942 |
_2ddc _cBB |
||